CROSS STITCH INSPIRATIONS (Record no. 13433)
[ view plain ]
| 000 -LEADER | |
|---|---|
| fixed length control field | 00245nam a22001217a 4500 |
| 003 - CONTROL NUMBER IDENTIFIER | |
| control field | SGT |
| 082 ## - DEWEY DECIMAL CLASSIFICATION NUMBER | |
| Classification number | 740 |
| Item number | COO |
| 100 ## - MAIN ENTRY--PERSONAL NAME | |
| Personal name | COOK, SUE |
| 245 ## - TITLE STATEMENT | |
| Title | CROSS STITCH INSPIRATIONS |
| 260 ## - PUBLICATION, DISTRIBUTION, ETC. (IMPRINT) | |
| Name of publisher, distributor, etc | DAVID & CHARLS |
| Year of Publication | 1999 |
| 300 ## - PAGE DESCRIPTION | |
| No. of Pages | 128 |
| 942 ## - ADDED ENTRY ELEMENTS (KOHA) | |
| Source of classification or shelving scheme | Dewey Decimal Classification |
| Koha item type | Books |
| Withdrawn status | Lost status | Source of classification or shelving scheme | Damaged status | Not for loan | Home library | Current library | Shelving location | Date acquired | Cost, normal purchase price | SGTU | Bill Number | Total Checkouts | Full call number | Accession No. (Barcode) | Date last seen | Bill Date | Koha item type |
|---|---|---|---|---|---|---|---|---|---|---|---|---|---|---|---|---|---|
| Dewey Decimal Classification | SGT Science & Social Sciences Library | SGT Science & Social Sciences Library | Text Book | 16/09/2017 | 595.00 | SGTU | 02854 | 740 COO | FF422 | 16/09/2017 | 16/09/2017 | Books | |||||
| Dewey Decimal Classification | SGT Science & Social Sciences Library | SGT Science & Social Sciences Library | Text Book | 16/09/2017 | 595.00 | SGTU | 02854 | 740 COO | FF423 | 16/09/2017 | 16/09/2017 | Books | |||||
| Dewey Decimal Classification | SGT Science & Social Sciences Library | SGT Science & Social Sciences Library | Text Book | 16/09/2017 | 595.00 | SGTU | 02854 | 740 COO | FF424 | 16/09/2017 | 16/09/2017 | Books |